名前が「ん」で終わる駅 - Statistics

General Stats
  • This quiz has been taken 86 times
    43 since last reset
  • The average score is 140 of 399
Answer Stats
Hint Answer % Correct
北陸新幹線ハピラインふくい 芦原温泉
85%
西九州新幹線佐世保線 武雄温泉
85%
東北新幹線 くりこま高原
81%
上越新幹線 上毛高原
81%
北陸新幹線IRいしかわ鉄道 加賀温泉
81%
西九州新幹線 嬉野温泉
81%
北陸新幹線 黒部宇奈月温泉
77%
京葉線 葛西臨海公園
77%
東武鬼怒川線 鬼怒川温泉
77%
京王動物園線多摩モノレール 多摩動物公園
77%
東急田園都市線小田急江ノ島線 中央林間
77%
山形新幹線奥羽本線 かみのやま温泉
73%
函館本線 | 東武東上線 森林公園
73%
宇都宮線京浜東北線 さいたま新都心
73%
大阪環状線 大阪城公園
73%
西武豊島線都営大江戸線 豊島園
73%
東京メトロ半蔵門線 半蔵門
73%
埼京線 戸田公園
69%
土讃線土佐くろしお鉄道ごめん・なはり線 後免
69%
東武伊勢崎線東武日光線 東武動物公園
69%
西武西武園線 西武園
69%
京王井の頭線 井の頭公園
69%
東京メトロ丸ノ内線東京メトロ南北線 後楽園
69%
福岡市地下鉄空港線 天神
69%
函館本線札沼線 桑園
65%
室蘭本線 東室蘭
65%
室蘭本線 室蘭
65%
名鉄豊田線 | 宗谷本線 | 川越線 日進
65%
武蔵野線 越谷レイクタウン
65%
七尾線のと鉄道七尾線 和倉温泉
65%
関西空港線南海空港線 りんくうタウン
65%
東武鬼怒川線 鬼怒川公園
65%
西武池袋線 石神井公園
65%
山万ユーカリが丘線 公園
65%
千歳線 サッポロビール庭園
62%
札沼線 あいの里公園
62%
常磐線 偕楽園
62%
京葉線 稲毛海岸
62%
山陰本線伯備線 伯耆大山
62%
山陽本線 | 愛知環状鉄道 | 都営浅草線都営大江戸線 大門
62%
都営三田線 芝公園
62%
都営三田線 御成門
62%
しなの鉄道北しなの線妙高はねうまライン 妙高高原
62%
武蔵野線 船橋法典
58%
鶴見線 安善
58%
越後線 | 都営三田線 白山
58%
東海道本線近江鉄道八日市線 近江八幡
58%
奈良線 | 東武伊勢崎線 新田
58%
片町線おおさか東線 放出
58%
東京メトロ千代田線 代々木公園
58%
東京メトロ南北線都営大江戸線 麻布十番
58%
つくばエクスプレス | 大阪モノレール本線大阪モノレール彩都線 万博記念公園
58%
日暮里・舎人ライナー 見沼代親水公園
58%
ゆりかもめ お台場海浜公園
58%
陸羽東線 鳴子温泉
54%
紀勢本線 海南
54%
高徳線 オレンジタウン
54%
牟岐線阿佐海岸鉄道 阿波海南
54%
西武新宿線 航空公園
54%
京王線 芦花公園
54%
京王線 百草園
54%
京王井の頭線 神泉
54%
東京メトロ有楽町線 桜田門
54%
小田急小田原線 向ヶ丘遊園
54%
小田急江ノ島線 東林間
54%
小田急江ノ島線 南林間
54%
阪急甲陽線 甲陽園
54%
ディズニーリゾートライン 東京ディズニーランド・ステーション
54%
ディズニーリゾートライン 東京ディズニーシー・ステーション
54%
上田電鉄別所線 別所温泉
54%
神鉄有馬線 有馬温泉
54%
函館本線 大沼公園
50%
函館本線 倶知安
50%
仙石線 松島海岸
50%
名古屋市営地下鉄東山線 | 山陰本線 東山公園
50%
東武東上線 武蔵嵐山
50%
京王線 多磨霊園
50%
京急本線 大森海岸
50%
京急久里浜線 三浦海岸
50%
東京メトロ銀座線 虎ノ門
50%
東京メトロ東西線 妙典
50%
小田急小田原線 鶴巻温泉
50%
小田急江ノ島線 鵠沼海岸
50%
名鉄犬山線 犬山遊園
50%
近鉄湯の山線 湯の山温泉
50%
阪神本線 甲子園
50%
仙台市営地下鉄東西線 八木山動物公園
50%
つくばエクスプレス 研究学園
50%
ディズニーリゾートライン リゾートゲートウェイ・ステーション
50%
日暮里・舎人ライナー 舎人公園
50%
伊豆箱根鉄道大雄山線 大雄山
50%
富山地方鉄道本線 宇奈月温泉
50%
伊豆急行線 伊豆高原
50%
久留里線 | 福岡市地下鉄空港線 祇園
46%
湖西線 おごと温泉
46%
山陰本線 城崎温泉
46%
山陽本線 須磨海浜公園
46%
東武野田線 大宮公園
46%
京成本線 海神
46%
京急大師線 小島新田
46%
南海鋼索線 高野山
46%
阪急今津線 甲東園
46%
阪急京都本線 長岡天神
46%
西鉄天神大牟田線地下鉄七隈線 薬院
46%
ニューシャトル 鉄道博物館
46%
東葉高速鉄道 東海神
46%
富士急行 富士山
46%
北大阪急行電鉄 緑地公園
46%
大阪メトロ四つ橋線南港ポートタウン線 住之江公園
46%
伊予鉄道市内線 道後温泉
46%
福岡市地下鉄空港線 西新
46%
札沼線 ロイズタウン
42%
宗谷本線 天塩川温泉
42%
飯山線 戸狩野沢温泉
42%
片町線 寝屋川公園
42%
片町線 鴻池新田
42%
高徳線 栗林
42%
牟岐線 阿南
42%
筑豊本線篠栗線 桂川
42%
日南線 日南
42%
東武亀戸線 亀戸水神
42%
小田急小田原線 代々木八幡
42%
京阪本線 香里園
42%
阪急今津線 門戸厄神
42%
阪急京都本線 西院
42%
福島交通飯坂線 飯坂温泉
42%
近江鉄道多賀線 スクリーン
42%
京都市営地下鉄烏丸線 国際会館
42%
福岡市地下鉄空港線 大濠公園
42%
釧網本線 釧路湿原
38%
吾妻線 川原湯温泉
38%
中央本線 石和温泉
38%
草津線 甲南
38%
阪和線 美章園
38%
西武池袋線 大泉学園
38%
西武池袋線 稲荷山公園
38%
京王線 平山城址公園
38%
京急本線 馬堀海岸
38%
南海本線南海多奈川線 みさき公園
38%
阪急宝塚本線 服部天神
38%
阪急宝塚本線 中山観音
38%
阪急宝塚本線 清荒神
38%
青い森鉄道 浅虫温泉
38%
ディズニーリゾートライン ベイサイド・ステーション
38%
千葉都市モノレール2号線 千葉公園
38%
千葉都市モノレール2号線 動物公園
38%
多摩モノレール 柴崎体育館
38%
伊豆急行線 城ヶ崎海岸
38%
遠州鉄道 八幡
38%
リニモ 愛・地球博記念公園
38%
山陽電鉄本線 須磨浦公園
38%
ゆいレール 奥武山公園
38%
札沼線 八軒
35%
留萌本線 北一已
35%
陸羽東線 中山平温泉
35%
仙石線 小鶴新田
35%
奥羽本線 大鰐温泉
35%
仙山線 面白山高原
35%
磐越西線 五泉
35%
吾妻線 小野上温泉
35%
篠ノ井線 聖高原
35%
片町線 徳庵
35%
山陰本線 玉造温泉
35%
名鉄犬山線 | 山陰本線 江南
35%
加古川線 厄神
35%
日豊本線 仙巌園
35%
西武多摩湖線 一橋学園
35%
京成松戸線 松戸新田
35%
東急大井町線 戸越公園
35%
京阪本線 枚方公園
35%
阪急神戸本線 王子公園
35%
阪急京都本線 西山天王山
35%
札幌市営地下鉄南北線 中島公園
35%
多摩モノレール 泉体育館
35%
横浜市営地下鉄ブルーライン 岸根公園
35%
江ノ島電鉄 湘南海岸公園
35%
伊豆箱根鉄道大雄山線 五百羅漢
35%
福井鉄道福武線 たけふ新
35%
名古屋市営地下鉄東山線 中村公園
35%
名古屋市営地下鉄名城線 名城公園
35%
京都市営地下鉄東西線 三条京阪
35%
大阪メトロ千日前線 野田阪神
35%
水間鉄道 水間観音
35%
神戸市営地下鉄海岸線 御崎公園
35%
一畑電車北松江線 松江しんじ湖温泉
35%
琴電琴平線 栗林公園
35%
函館本線 稲積公園
31%
釧網本線 原生花園
31%
磐越西線 猪苗代湖畔
31%
上越線 後閑
31%
飯山線 津南
31%
加古川線 日本へそ公園
31%
山口線 湯田温泉
31%
京成本線 堀切菖蒲園
31%
東急池上線 御嶽山
31%
名鉄常滑線 聚楽園
31%
南海本線 浜寺公園
31%
阪神本線 香櫨園
31%
西鉄天神大牟田線西鉄甘木線 宮の陣
31%
函館市電 湯の川温泉
31%
銚子電鉄 観音
31%
あいの風とやま鉄道 越中大門
31%
伊豆急行線 今井浜海岸
31%
神鉄公園都市線 南ウッディタウン
31%
山陽電鉄本線 舞子公園
31%
伊予鉄道市内線 道後公園
31%
南阿蘇鉄道 南阿蘇水の生まれる里白水高原
31%
宗谷本線 糠南
27%
釧網本線 川湯温泉
27%
北上線 ゆだ高原
27%
陸羽東線 有備館
27%
陸羽東線 赤倉温泉
27%
陸羽東線 瀬見温泉
27%
羽越本線 あつみ温泉
27%
身延線 下部温泉
27%
飯田線 湯谷温泉
27%
山陰本線 川棚温泉
27%
山陽本線 宝殿
27%
可部線 下祇園
27%
可部線 梅林
27%
鹿児島本線 伊集院
27%
長崎本線 吉野ヶ里公園
27%
指宿枕崎線 開聞
27%
京成松戸線 高根公団
27%
京急大師線 東門前
27%
南海高野線 萩原天神
27%
いわて銀河鉄道 金田一温泉
27%
仙台市営地下鉄南北線 勾当台公園
27%
野岩鉄道 川治温泉
27%
野岩鉄道 湯西川温泉
27%
多摩モノレール 砂川七番
27%
横浜シーサイドライン 野島公園
27%
あいの風とやま鉄道 入善
27%
長良川鉄道 みなみ子宝温泉
27%
大井川鐵道井川線 接岨峡温泉
27%
遠州鉄道 遠州病院
27%
名古屋市営地下鉄東山線 本陣
27%
名古屋市営地下鉄鶴舞線 浄心
27%
名古屋市営地下鉄鶴舞線 大須観音
27%
神戸市営地下鉄西神・山手線 総合運動公園
27%
智頭急行 あわくら温泉
27%
広島電鉄宮島線 楽々園
27%
八戸線 種差海岸
23%
陸羽東線 川渡温泉
23%
奥羽本線 後三年
23%
磐越西線 北五泉
23%
七尾線 免田
23%
身延線 市川大門
23%
紀勢本線 一身田
23%
津山線 法界院
23%
肥薩線 霧島温泉
23%
久大本線 由布院
23%
わたらせ渓谷鉄道 | 日南線 運動公園
23%
東武野田線 清水公園
23%
名鉄名古屋本線 岐南
23%
名鉄知多新線 美浜緑苑
23%
名鉄尾西線 五ノ三
23%
近鉄湯の山線 大羽根園
23%
南海高野線 百舌鳥八幡
23%
野岩鉄道 男鹿高原
23%
ニューシャトル 沼南
23%
北総鉄道北総線 北国分
23%
千葉都市モノレール1号線 葭川公園
23%
箱根登山鉄道鋼索線 早雲山
23%
日本海ひすいライン えちご押上ひすい海岸
23%
長良川鉄道 郡上八幡
23%
明知鉄道 花白温泉
23%
リニモ 杁ヶ池公園
23%
名古屋市営地下鉄東山線 覚王山
23%
名古屋市営地下鉄鶴舞線 庄内緑地公園
23%
あおなみ線 荒子川公園
23%
三岐鉄道北勢線 東員
23%
伊勢鉄道 東一身田
23%
京都丹後鉄道宮豊線 夕日ヶ浦木津温泉
23%
神戸市営地下鉄西神・山手線 湊川公園
23%
山陽電鉄本線 林崎松江海岸
23%
紀州鉄道 学門
23%
函館本線 銀山
19%
室蘭本線 礼文
19%
根室本線 野花南
19%
宗谷本線 風連
19%
宗谷本線 智恵文
19%
花輪線 安比高原
19%
花輪線 湯瀬温泉
19%
田沢湖線 生田
19%
中央本線 塩山
19%
名鉄各務原線 | 紀勢本線 六軒
19%
鹿児島本線 天拝山
19%
鹿児島本線 上伊集院
19%
日豊本線 安部山公園
19%
吉都線 京町温泉
19%
指宿枕崎線 東開聞
19%
東武日光線 明神
19%
名鉄西尾線 堀内公園
19%
名鉄三河線 碧南
19%
札幌市営地下鉄東豊線 豊平公園
19%
仙台市営地下鉄東西線 大町西公園
19%
秋田内陸縦貫鉄道 阿仁前田温泉
19%
会津鉄道 芦ノ牧温泉
19%
ひたちなか海浜鉄道 美乃浜学園
19%
野岩鉄道 中三依温泉
19%
都電荒川線 巣鴨新田
19%
あいの風とやま鉄道 西入善
19%
福井鉄道福武線 スポーツ公園
19%
福井鉄道福武線 西山公園
19%
長良川鉄道 白鳥高原
19%
名古屋市営地下鉄名城線 東別院
19%
叡山電鉄叡山本線 修学院
19%
ポートライナー 中公園
19%
神鉄公園都市線 フラワータウン
19%
智頭急行 河野原円心
19%
岡山電気軌道 西川緑道公園
19%
伊予鉄道横河原線 石手川公園
19%
伊予鉄道市内線 上一万
19%
土佐くろしお鉄道中村線 佐賀公園
19%
門司港レトロ観光線 九州鉄道記念館
19%
門司港レトロ観光線 出光美術館
19%
くま川鉄道 人吉温泉
19%
室蘭本線 古山
15%
花輪線 大滝温泉
15%
城端線 油田
15%
姫新線 千本
15%
牟岐線 中田
15%
指宿枕崎線 二月田
15%
名鉄河和線 八幡新田
15%
名鉄小牧線 楽田
15%
名鉄各務原線 二十軒
15%
近鉄名古屋線 高田本山
15%
札幌市営地下鉄東西線 二十四軒
15%
札幌市営地下鉄東西線 円山公園
15%
津軽鉄道 芦野公園
15%
三陸鉄道リアス線 浪板海岸
15%
山形鉄道フラワー長井線 あやめ公園
15%
会津鉄道 湯野上温泉
15%
会津鉄道 ふるさと公園
15%
えちぜん鉄道三国芦原線 西別院
15%
えちぜん鉄道三国芦原線 番田
15%
遠州鉄道 美薗中央公園
15%
三岐鉄道三岐線 大安
15%
近江鉄道本線 水口城南
15%
叡山電鉄叡山本線 三宅八幡
15%
ポートライナー 南公園
15%
一畑電車大社線 遙堪
15%
岡山電気軌道 中納言
15%
琴電琴平線 仏生山
15%
島原鉄道 霊丘公園体育館
15%
長崎電気軌道 平和公園
15%
長崎電気軌道 大学病院
15%
肥薩おれんじ鉄道 日奈久温泉
15%
室蘭本線 志文
12%
富良野線 学田
12%
米坂線 中郡
12%
予土線 務田
12%
日田彦山線 志井公園
12%
筑肥線 一貴山
12%
近鉄大阪線 二上山
12%
三陸鉄道リアス線 白井海岸
12%
三陸鉄道リアス線 十府ヶ浦海岸
12%
会津鉄道 大川ダム公園
12%
会津鉄道 養鱒公園
12%
鹿島臨海鉄道 北浦湖畔
12%
上毛電鉄
12%
富山地方鉄道本線 経田
12%
富山地方鉄道立山線 下段
12%
長良川鉄道 前平公園
12%
天竜浜名湖鉄道 円田
12%
わかやま電鉄貴志川線 大池遊園
12%
熊本電気鉄道菊池線 坪井川公園
12%
南阿蘇鉄道 南阿蘇白川水源
12%
肥薩おれんじ鉄道 たのうら御立岬公園
12%
北上線 和賀仙人
8%
釜石線 洞泉
8%
肥薩線
8%
吉都線 高崎新田
8%
津軽鉄道 毘沙門
8%
会津鉄道 門田
8%
京福電鉄嵐山本線 鹿王院
8%
阪堺線 宿院
8%
広島電鉄宮島線 地御前
8%
土佐くろしお鉄道ごめん・なはり線 西分
8%
平成筑豊鉄道伊田線 田川市立病院
8%
長崎電気軌道 原爆資料館
8%
わたらせ渓谷鉄道 下新田
4%
熊本市電 九品寺交差点
4%
熊本市電 神水交差点
4%
鹿児島市電 荒田八幡
4%
No matching quizzes found
Score Distribution
Percent of People with Each Score
Percentile by Number Answered
Your Score History
You have not taken this quiz since the last reset